000 00559nam a22001817a 4500
005 20251108164725.0
008 250721s1986 xx 000 0 ara d
082 1 4 _a801.951/شاك
100 1 _aالنابلسي، شاكر
245 1 0 _aرغيف النار و الحنطه /
264 1 _aبيروت :
_bالمؤسسة العربية للدراسات و النشر،
_c1986.
300 _a280ص
650 1 7 _aالنقد الأدبي
650 1 7 _aالشعر العربي
650 1 7 _aالتاريخ الأدبي
942 _2ddc
_cBK
999 _c12779
_d12779